00345nam a2200133Ia 4500008004100000041000800041082001500049100001600064245005000080260004100130300000900171650001200180999001900192230817s1967 xx 000 0 und d aeng a348048/CHA aChaitely DV aAll India Reporter -1967 Assam,Bombay,Culutta aNagpurbThe All India Reporterc1967 a640p aREPORTS c843720d843720